1969 1125 1645 1854 1838 1527 1180 1147 1593 1906 1202 1290 1709 1637 1735 1122 1966 1442 1271 1809 1860 1978 1158 1247 1971 1244 1727 1545 1659 1792 1864 1096 1161 1438 1834 1542 1583 1735 1644 1492 1134 1787 1271 1296 1513 1324 1001 1204 1959 1596 1890 1487 1657 1212 1203 1914 1441 1198 1031 1643 1582 1921 1386 1746 1768 1137 1479 1128 1847 1436 1045 1388 1049 1199 1081 1626 1809 1246 1671 1540 1333 1094 1302 1948 1564 1199 1733 1095 1173 1864 1136 1919 1035 1139 1157 1144 1356 1302 1462 BCNSPRNW ULIB Ver.6.0+V

เปลี่ยนเป็นภาษาไทย

Change to English
 แสดงรายละเอียดบรรณานุกรม
  กลับหน้าหลัก

Brief Record : Get Marc (ISO 2709) : E-mail record : QR code < ปิดหน้าต่าง
LEADER : 00000nam 2200000uu 4500
001    13399125836
003     ULIB
008    020711s2018 th a 000 0 eng d
020    ^a9780323402118
060    ^aQT104^bP-T
100    ^aPatton,Kevin T.
245    ^aThe human body in health & disease/^cPatton,Kevin T.
250    ^a7th ed
260    ^aLouis,Missouri :^bElsevier,^c2018
300    ^a750 pages;^c30 cm
650    ^aPhysiological Phenomena^xAnatomy^yPathologic Processes
945    ^p2193^l0^i003218
999    ^aประนอม เกษจรัล
รายการนี้ยังไม่มีแท็ก
คุณยังไม่ได้ล็อกอิน คุณสามารถมีกิจกรรมร่วมกับเว็บไซต์ได้ แต่ต้องล็อกอินก่อน ::
  ล็อกอิน

รายการสื่อสารสนเทศ

ลำดับที่ ประเภท เลขเรียก/บาร์โค้ด สถานที่ สถานะ
1. วิทยาศาสตร์การแพทย์ และสุขภาพ
หนังสือสำรอง
สถานะ=หนังสือสำรอง
QT104 P-T ฉ.1 
  Barcode: 003218
ห้องสมุดวิทยาเขตสวรรค์ประชารักษ์
►หนังสือทั่วไป
บนชั้น

BibComment


ยังไม่เคยถูกคอมเมนท์

คอมเมนท์ทรัพยากรรายการนี้
  คอมเมนท์: The human body i..


 Copyright 2026. Bcnsprnw @Library